000 01087nam a2200265 a 4500
001 000048605
005 20260305073959.0
008 190404s2015 dr ac 000 0 spa d
020 _a9789945081046
040 _aDO-SdBNP
_bspa
_cBNPHU
041 1 _aspa
_beng
082 _axxx
_bP349G
100 1 _aGerón, Candido,
_d1948-
_93577
245 1 0 _aFernando Peña Defilló :
_bel mundo maravilloso de su arte = the wonderful world of his art /
_cCándido Gerón ; prólogo Manuel Núñez ; fotografía Mariano Hernández, Cándido Alexander Araújo Batista ; traducción Edward SimsMichell.
260 _aSanto Domingo :
_bCentenario,
_c2015.
300 _a207 p. :
_bil., retrs. ;
_c30 cm.
500 _aIncluye datos biografícos de Fernando Peña Defilló
500 _aLibro en español e ingles.
500 _aLibro de pasta dura.
590 _aInventariado, 2019/ YL
700 1 2 _aNúñez, Manuel,
_d1957-
_eprol.
_92366
700 1 2 _aSimsMichell, Edward
_etrad.
_976057
700 1 2 _aHernández, Mariano
_efot.
_959875
700 1 2 _aAraújo Batista, Cándido Alexander
_efot.
_976058
999 _c48093
_d48093